01122cam a22002771 4500001001300000003000400013005001700017008004100034010001700075035002000092040004600112050001800158100005000176245016100226260004000387300001800427490004500445490004000490500007600530650003500606651003000641651003500671830004500706830007600751999001700827sd 61000006 DLC20260227112736.0920417r19611960dcu f000 0 eng c asd 61000006  a(OCoLC)25667726 aU.S. Dept. of State. LibrarycDSdDSdDLC00aE183.7b.F7451 aFoster, H. Schuylerq(Harry Schuyler),d1905-14aThe role of the public in U.S. foreign relations.b[Address made before the Foreign Policy Association of New Orleans at New Orleans, La., on Oct. 11, 1960. aWashington]bDept. of Statec[1961] a20 p.c22 cm.1 a[U.S.] Dept. of State. Publicationv71131 aGeneral foreign policy series,v160 a"Reprinted from the Department of State Bulletin of November 28, 1960." 0aPublic opinionzUnited States. 0aUnited StatesxRelations. 0aUnited StatesxPublic opinion. 0aDepartment of State publication ;v7113. 0aDepartment of State publication.pGeneral foreign policy series ;v160. c90079d90079